000 01236nam a2200337 i 4500
001 000044125
003 DO-SdBNP
005 20240214122507.0
007 ta
008 130418s1992 dr 000 0 spa d
040 _aDO-SdBNP
_bspa
_cBNPHU
_erda
082 4 _a343.729304
_bR426c 1992
_222
110 1 _aRepública Dominicana.
_9447
240 1 0 _a[Código, etc.]
245 1 0 _aCódigo tributario de la República Dominicana
246 1 4 _aCodigo tributario de la República Dominicana (Ley 11-92)
264 1 _aSanto Domingo :
_b[editor no identificado],
_c1992.
300 _a137 páginas ;
_c21 cm.
336 _2rdacontent
_atexto
_btxt
337 _2rdamedia
_asin mediación
_bn
338 _2rdacarrier
_avolumen
_bnc
590 _aInventariado, 2018/VM
650 4 _aImpuestos
_xLegislación
_zRepública Dominicana
_955495
650 4 _aImpuestos
_xAdministración y procesamiento
_914513
650 4 _aImpuestos sobre la renta
_xLegislación
_zRepública Dominicana
_99399
650 4 _aDerecho fiscal
_xLegislación
_zRepública Dominicana
_99397
650 4 _aLeyes
_zRepública Dominicana
_93033
651 4 _aRepública Dominicana
_xLey 11-92
_965014
910 _aValidado, COntrol de calidad MFF
942 _2ddc
_cLBS1
999 _c43614
_d43614